PSYCHIATRIC AND MENTAL HEALTH NURSING (Record no. 10955)
[ view plain ]
| 000 -LEADER | |
|---|---|
| fixed length control field | 00294nam a22001337a 4500 |
| 003 - CONTROL NUMBER IDENTIFIER | |
| control field | SGT |
| 082 ## - DEWEY DECIMAL CLASSIFICATION NUMBER | |
| Classification number | 610.7368 |
| Item number | P15T |
| 100 ## - MAIN ENTRY--PERSONAL NAME | |
| Personal name | THRESIA, M.T. |
| 245 ## - TITLE STATEMENT | |
| Title | PSYCHIATRIC AND MENTAL HEALTH NURSING |
| 260 ## - PUBLICATION, DISTRIBUTION, ETC. (IMPRINT) | |
| Place of publication, distribution, etc | INDIA |
| Name of publisher, distributor, etc | CBS |
| Year of Publication | 2015 |
| 300 ## - PAGE DESCRIPTION | |
| No. of Pages | 290 |
| 650 ## - SUBJECT ADDED ENTRY--TOPICAL TERM | |
| Topical term or geographic name as entry element | PSYCHIATRIC |
| 942 ## - ADDED ENTRY ELEMENTS (KOHA) | |
| Source of classification or shelving scheme | Dewey Decimal Classification |
| Koha item type | Books |
| Withdrawn status | Lost status | Source of classification or shelving scheme | Damaged status | Not for loan | Collection code | Home library | Current library | Shelving location | Date acquired | Vendor Name | Cost, normal purchase price | SGTU | Bill Number | Total Checkouts | Full call number | Accession No. (Barcode) | Date last seen | Bill Date | Koha item type |
|---|---|---|---|---|---|---|---|---|---|---|---|---|---|---|---|---|---|---|---|
| Dewey Decimal Classification | NURSING | SGT Medical Library | SGT Medical Library | Text Book | 16/02/2017 | ABC | 240.00 | SGTU | 7429 | 610.7368 P15T | FN3426 | 16/02/2017 | 04/11/2016 | Books | |||||
| Dewey Decimal Classification | NURSING | SGT Medical Library | SGT Medical Library | Text Book | 16/02/2017 | ABC | 240.00 | SGTU | 7429 | 610.7368 P15T | FN3427 | 16/02/2017 | 04/11/2016 | Books | |||||
| Dewey Decimal Classification | NURSING | SGT Medical Library | SGT Medical Library | Text Book | 16/02/2017 | ABC | 240.00 | SGTU | 7429 | 610.7368 P15T | FN3428 | 16/02/2017 | 04/11/2016 | Books | |||||
| Dewey Decimal Classification | NURSING | SGT Medical Library | SGT Medical Library | Text Book | 16/02/2017 | ABC | 240.00 | SGTU | 7429 | 610.7368 P15T | FN3429 | 16/02/2017 | 04/11/2016 | Books | |||||
| Dewey Decimal Classification | NURSING | SGT Medical Library | SGT Medical Library | Text Book | 16/02/2017 | ABC | 240.00 | SGTU | 7429 | 610.7368 P15T | FN3430 | 16/02/2017 | 04/11/2016 | Books |